| 000 | 00553nam a2200241 a 4500 | ||
|---|---|---|---|
| 001 | nice12345678 | ||
| 003 | IN_TiNIC | ||
| 005 | 20260116012308.0 | ||
| 008 | 050524s0000 dela grp 000 0 urd | ||
| 020 |
_a _c100 |
||
| 082 | 0 | 0 |
_a796 _bRAI |
| 100 | _aRaibarn, W M | ||
| 245 | _aTaleem Men Khail. | ||
| 260 |
_aDelhi _bInter-India Publications _c0000 |
||
| 300 | _a40p | ||
| 500 | _aincludes index and biblioraphy | ||
| 505 | 2 | _aAppendix | |
| 650 | _aSports | ||
| 700 | 1 | _aRaibarn, W M | |
| 902 | _bSRS | ||
| 942 | _cBK | ||
| 999 |
_c6431 _d6431 |
||